000 00669nam a22002417a 4500
003 UA-OsUOA
001 64566
007 ta
008 20091105b un ||||| |||| 00| 0 ukr d
100 _aФилипчак І.
090 _a821.161.2
_bФ53
942 _cBK
040 _aUA-OsUOA
_bukr
_cUA-OsUOA
_dUA-OsUOA
245 _aКульчицький - герой Відня
_bІсторична повість
300 _a240 с.
955 _a3
041 _aukr
080 _a821.161.2
020 _a5-7707-1659-2
260 _aЛьвів
_bСлово
_c1991
650 7 _a82 Література. Літературознавство
_2UDC
999 _c350511
_d350511